Responses for Show #4225 - Friday, January 3, 2003

Contestants

[<< previous game]

Robert Niles, an Internet editor from Pasadena, California

Kathleen Ellis, a registered nurse from Red Oak, Texas

Jeff Lovingood, a middle school teacher from Jacksonville, North Carolina (whose 2-day cash winnings total $15,800)

[next game >>]

Jeopardy! Round responses

AEROSMITH
U.S. CITY NICKNAMES
MEDICINE
"W"HO, "W"HAT OR "W"HERE
IN A PICKLE
HOMOPHONES
    $200 1
Steven Tyler

Kathleen
    $200 3
Omaha

Robert
    $200 2
(Robert: Who is Salk?)
....
(Alex: Which one?)

Dr. Jonas Salk

Robert
    $200 17
the Wailing Wall

Kathleen
    $200 15
cucumber

Kathleen
    $200 25
flew/flue

Kathleen
    $400 12
"Walk This Way"

Jeff
    $400 4
"Surf City"

Jeff
    $400 8
William Mayo

Robert
    $400 18
wampum

Kathleen
    $400 16
Vlasic

Robert
    $400 26
swayed/suede

Jeff
    $600 13
Armageddon

Robert
    $200 5
(Jeff: What is Moscow?)

St. Petersburg

Jeff
    $600 9
Pap smear

Kathleen
    $600 19
Walt Whitman

Kathleen
    $600 22
dill

Kathleen
    $600 28
(Jeff: What is lease?)

least/leased

Jeff
Triple Stumper
    $800 14
(Robert: What is Sgt. Pepper & the Lonely Hearts Club Band?)

Sgt. Pepper's Lonely Hearts Club Band

KathleenRobert
    $800 6
Louisville

Robert
    $800 10
pneumonia

Kathleen
    $800 20
wallaby

Robert
    $800 23
H.J. Heinz

Triple Stumper
    $800 29
[The end-of-round signal sounds.]

taper/tapir

Robert
    $1000 27
"Dude (Looks Like a Lady)"

Robert
    $1000 7
Great Falls

Triple Stumper
    $1000 11
typhoid fever

Kathleen
    $1000 21
WACO

Kathleen
    $1000 24
(Kathleen: Who is Amerigus?)
....
(Alex: Less than a minute now, Jeff.)

Amerigo Vespucci

JeffKathleen

Scores at the first commercial break (after clue 15):

Jeff Kathleen Robert
$600 $3,600 $1,400

Scores at the end of the Jeopardy! Round:

Jeff Kathleen Robert
$1,400 $5,600 $4,400

Double Jeopardy! Round responses

EROS MYTH
(Alex: Uh boy!)
CONSTELLATIONS
A COMPENDIUM OF CLUES
THE "LAST" PICTURE SHOW
NAPOLEON'S RESUME
(Alex: Pretty impressive, I would think!)
LETTER PERFECT
    $400 19
Jason

Jeff
    $400 16
Orion

Robert
    $400 6
Wonder Bread

Robert
    $400 3
The Last Emperor

Jeff
    $400 1
military school

Jeff
    $400 15
O (omega)

Robert
    $800 20
Aphrodite

Kathleen
    $800 17
Aquarius

Jeff
    $800 11
(Robert: What are digits?)

teeth

Robert
Triple Stumper
    $800 7
Indiana Jones and the Last Crusade

Robert
    $800 2
pope

Robert
    $800 29
A

Robert
    $1200 21
Amor

Triple Stumper
    $1200 24
(Robert: What is...[time] Scorpio?)
....
(Alex: You took too much time.)
....
(Jeff: What is Cancer?)

Scorpius (Scorpio)

JeffKathleenRobert
    $1200 12
Fruitopia

Kathleen
    $1200 8
The Last Boy Scout

Robert
    $1200 4
(Robert: What is Russia?)

England

Robert
Triple Stumper
    $1,000 30
R (for Regina)

Robert
    $1600 22
torch

Kathleen
    $1600 25
(Alex: Less than a minute now.)

Cancer

Robert
    $1600 13
(Robert: Who is Don Quixote?)

The Cisco Kid

Robert
Triple Stumper
    $1600 9
The Last Seduction

Triple Stumper
    $1600 5
Robespierre

Kathleen
    $1600 28
T

Triple Stumper
    $2000 23
Chaos

Triple Stumper
    $2000 26
Cygnus

Robert
    $2000 14
Jomo Kenyatta

Triple Stumper
    $2000 10
(Robert: What is The Last Picture Show?)

At Long Last Love

Robert
Triple Stumper
    $500 18
(Jeff: What is Sardinia?)

Corsica

Jeff
    $2000 27
C

Robert

Scores at the end of the Double Jeopardy! Round:

Jeff Kathleen Robert
$1,700 $12,000 $9,000

[wagering suggestions for these scores]

Final Jeopardy! Round responses

CLASSIC LITERATURE
JeffWhat is Dante's Inferno
$1,700
RobertWhat is the Divine Comedy?
$3,001
KathleenWhat is the Divine Comedy?
$6,001
"The Divine Comedy"

Final scores:

Jeff Kathleen Robert
$0 $18,001 $12,001
3rd place: $1,000 New champion: $18,001 2nd place: $2,000

Game dynamics:

Coryat scores:

Jeff Kathleen Robert
$2,400 $12,000 $9,200
8 R,
4 W
(including 2 DDs)
17 R,
1 W
20 R
(including 1 DD),
6 W

Combined Coryat: $23,600

[game clues] [game scores] [suggest correction]

Game tape date: 2002-09-24
The J! Archive is created by fans, for fans. Scraping, republication, monetization, and malicious use prohibited; this site may use cookies and collect identifying information. See terms. The Jeopardy! game show and all elements thereof, including but not limited to copyright and trademark thereto, are the property of Jeopardy Productions, Inc. and are protected under law. This website is not affiliated with, sponsored by, or operated by Jeopardy Productions, Inc. Join the discussion at JBoard.tv.